Giải tích hàm một biến

সংরক্ষণ করুন:
গ্রন্থ-পঞ্জীর বিবরন
প্রধান লেখক: Đinh Ngọc Thanh ...[et al.]
বিন্যাস: গ্রন্থ
ভাষা:Undetermined
প্রকাশিত: H. Giáo Dục
বিষয়গুলি:
ট্যাগগুলো: ট্যাগ যুক্ত করুন
কোনো ট্যাগ নেই, প্রথমজন হিসাবে ট্যাগ করুন!
Thư viện lưu trữ: Trung tâm Học liệu Trường Đại học Cần Thơ
LEADER 00477nam a2200169Ia 4500
001 CTU_51495
008 210402s9999 xx 000 0 und d
020 |b 11900 
082 |a 515 
082 |b Gi103 
100 |a Đinh Ngọc Thanh ...[et al.] 
245 0 |a Giải tích hàm một biến 
245 0 |c Đinh Ngọc Thanh ...[et al.] 
260 |a H. 
260 |b Giáo Dục 
650 |a function analysis 
980 |a Trung tâm Học liệu Trường Đại học Cần Thơ